Memorias poco diplomáticas: algo de aquí, mucho de allá

Uloženo v:
Podrobná bibliografie
Hlavní autor: Pinochet de la Barra, Oscar (Autor)
Médium: Kniha
Jazyk:španělština
Vydáno: Santiago Andrés Bello 1999
Témata:
Tagy: Přidat tag
Žádné tagy, Buďte první, kdo vytvoří štítek k tomuto záznamu!

MARC

LEADER 00000nam a2200000 a 4500
001 UCM0510
003 CL-VaPUC
008 020301e19990000CL |||||||||||||||||spa|d
082 0 4 |a Ch863  |b PIN  |2 21 
100 0 |a Pinochet de la Barra, Oscar  |e author  |9 467359 
245 1 0 |a Memorias poco diplomáticas: algo de aquí, mucho de allá 
300 |a 196 p 
942 |c BK 
945 |d 20020301 00:00:00  |a cmena 
260 |a Santiago  |b Andrés Bello  |c 1999 
650 0 |a Crónicas chilenas  |9 321511 
650 7 |a DIPLOMATICOS CHILENOS - RELATOS  |2 CL-VaPUC  |9 467360 
650 7 |a LITERATURA CHILENA - RELACIONES INTERNACIONALES  |2 CL-VaPUC  |9 467361 
583 |a last modification  |c 20020301 00:00:00  |k Rodrigo Vera 
999 |c 299414  |d 299412 
952 |0 0  |1 0  |4 0  |6 CH_863_000000000000000_PIN_1999  |7 0  |8 A  |9 355941  |a BIBHIS  |b BIBHIS  |d 2019-11-21  |i 3794040  |o Ch863 PIN 1999  |p 3794040  |r 2025-01-20  |w 2019-11-21  |y BK  |k HIS